| 000 | 00636nam a2200181 4500 | ||
|---|---|---|---|
| 001 | 112602 | ||
| 003 | ES-MaACL | ||
| 005 | 20251115063250.0 | ||
| 007 | t| | ||
| 008 | 061121s1927 sp r ||||1| spa d | ||
| 100 | 1 |
_aMuñoz Seca, Pedro, _d1881-1936 _984499 |
|
| 245 | 1 | 4 |
_aLos extremeños se tocan _b: opereta sin música pero con cantables y evoluciones en tres actos y un prólogo / _cPedro Muñoz Seca y Pedro Pérez Fernández. |
| 260 |
_aMadrid : _bSiglo XX, _c[1927?] |
||
| 300 |
_a223 p. ; _c19 cm. |
||
| 700 | 1 |
_aPérez Fernández, Pedro. _990862 |
|
| 852 |
_aES-MaACL _jA-4900 _bR.16918 |
||
| 999 |
_c112602 _d112602 |
||